|
|
|
|
| LEADER |
00000nam a2200000 a 4500 |
| 005 |
20110915113320.0 |
| 008 |
051222s2005 sp |||||| 000 ||spa|c |
| 017 |
|
|
|a DL AB. 409-2005
|
| 020 |
|
|
|a 8486977789
|
| 035 |
|
|
|a 5728
|
| 040 |
|
|
|d vLex
|
| 080 |
|
|
|a 369(460)
|
| 090 |
|
|
|c 2464
|d 2464
|
| 100 |
1 |
|
|a Cardenal Carro, Miguel
|
| 245 |
1 |
3 |
|a El Recargo de prestaciones
|h [Recurso electrn̤ico] :
|b criterios determinantes en la fijacin̤ del porcentaje aplicable /
|c Miguel Cardenal Carro, Fð Javier Hierro Hierro
|
| 256 |
|
|
|a Servicio en ln̕ea.
|
| 260 |
|
|
|a Albacete :
|b Bomarzo,
|c 2005
|
| 300 |
|
|
|a 122 p.;
|c 24 cm
|
| 504 |
|
|
|a bibliografa̕ p. 119-122
|
| 506 |
1 |
|
|a Contenido solo disponible en los productos indicados
|d vLex Global
|d vLex Global (Academic Edition, excluding Law Schools)
|d vLex Global (U.S. Academic Edition, Law Schools)
|d vLex Global (U.S. Academic Edition, excluding Law Schools)
|d vLex Global (Academic Edition, Law Schools)
|
| 650 |
0 |
4 |
|a Derecho del trabajo
|z Espaą
|
| 650 |
0 |
4 |
|a Seguridad social
|z Espaą
|
| 650 |
0 |
4 |
|a Salud en el trabajo
|z Espaą
|
| 700 |
1 |
|
|a Hierro Hierro, Francisco Javier
|
| 740 |
0 |
|
|a vLex Libros (Servicio en ln̕ea)
|
| 856 |
4 |
0 |
|u http://vlex.com/source/recargo-prestaciones-criterios-determinantes-fijacion-porcentaje-aplicable-5728
|z Acceso restringido
|
| 942 |
|
|
|c BOOK
|